[Event "Sautron op 15th"]
[Site "Sautron"]
[Date "2015.10.23"]
[Round "4.43"]
[White "Le Pen, Steven"]
[Black "Jean, Robert"]
[Result "1-0"]
[WhiteElo "1867"]
[BlackElo "1737"]
[PlyCount "61"]
[EventDate "2015.10.24"]
[EventType "swiss"]
[EventRounds "9"]
[EventCountry "FRA"]
[SourceTitle "EXT 2019"]
[Source "ChessBase"]
[SourceDate "2018.10.10"]
[SourceVersion "1"]
[SourceVersionDate "2018.10.10"]
[SourceQuality "1"]

1. e4 c5 2. Nf3 d6 3. d4 cxd4 4. Nxd4 Nf6 5. Nc3 a6 6. Be3 Ng4 7. Bg5 h6 8. Bh4 g5 9. Bg3 Bg7 10. h3 Nf6 11. f3 Nc6 12. Bf2 0-0 13. Qd2 Bd7 14. 0-0-0 Rc8 15. h4 Qa5 16. Nb3 Qe5 17. hxg5 hxg5 18. g3 Nb4 19. f4 gxf4 20. gxf4 Qe6 21. f5 Qe5 22. Bd4 Qg3 23. Rg1 Qh4 24. Bd3 e5 25. Bf2 Qf4 26. Be3 Nxd3+ 27. cxd3 Qf3 28. Rdf1 Qh5 29. Bh6 Ng4 30. Bxg7 Kxg7 31. Qg2 1-0